[Event "Titled Tuesday intern op 14th Jan Early"]
[Site "Chess.com INT"]
[Date "2025.01.14"]
[Round "3"]
[White "Unsal, Gorkem"]
[Black "Shapiro, Viktor"]
[Result "1-0"]
[WhiteElo "2072"]
[BlackElo "2074"]
[PlyCount "133"]
[EventDate "2025.01.14"]
[EventType "swiss (blitz)"]
[EventRounds "11"]
[EventCountry "USA"]
[SourceTitle "CB04_2025"]
[SourceDate "2025.01.22"]
[SourceVersion "1"]
[SourceVersionDate "2025.01.22"]
[SourceQuality "1"]

1. e4 Nf6 2. e5 Nd5 3. c4 Nb6 4. d4 d6 5. exd6 cxd6 6. Nc3 g6 7. Be2 Bg7 8. Nf3 Nc6 9. 0-0 Bg4 10. Be3 0-0 11. b3 d5 12. c5 Nc8 13. Rc1 e6 14. a3 N8e7 15. b4 Bxf3 16. Bxf3 Nf5 17. Ne2 Qh4 18. g3 Nxe3 19. fxe3 Qg5 20. Rc3 Rad8 21. b5 Ne7 22. Qb3 e5 23. c6 bxc6 24. bxc6 Nf5 25. c7 Rc8 26. Rd1 e4 27. Bg2 Ne7 28. Nf4 h5 29. Qc2 h4 30. Qf2 Bf6 31. gxh4 Qxh4 32. Qxh4 Bxh4 33. Rc5 Bg5 34. Bh3 Bxf4 35. exf4 f5 36. Kf2 Kf7 37. Bf1 Rh8 38. Ba6 Rxh2+ 39. Kg1 Rhh8 40. Bb7 Ke6 41. Bxc8+ Rxc8 42. Rb1 Kd7 43. Rb8 Rxc7 44. Rxc7+ Kxc7 45. Re8 Nc6 46. Re6 Nxd4 47. Rxg6 Nf3+ 48. Kf2 d4 49. Rf6 d3 50. Rxf5 Kd6 51. Rf6+ Kd5 52. Rf8 Nd4 53. Rd8+ Kc4 54. Ke3 Nc2+ 55. Kxe4 Kc3 56. Rxd3+ Kb2 57. Rd7 Nxa3 58. Rxa7 Nc4 59. Re7 Kc3 60. Re5 Kb4 61. f5 Nd6+ 62. Kd5 Nf7 63. Ke6 Ng5+ 64. Ke7 Kc4 65. f6 Nh7 66. f7 Kd4 67. Rh5 1-0

[Event "Titled Tuesday intern op 26th Nov Late"]
[Site "Chess.com INT"]
[Date "2024.11.26"]
[Round "10"]
[White "Al Saffar, Araz Basim Mohammed"]
[Black "Shapiro, Viktor"]
[Result "0-1"]
[WhiteElo "2387"]
[BlackElo "2074"]
[PlyCount "68"]
[EventDate "2024.11.26"]
[EventType "swiss (blitz)"]
[EventRounds "11"]
[EventCountry "USA"]
[SourceTitle "CB49_2024"]
[SourceDate "2024.12.04"]
[SourceVersion "1"]
[SourceVersionDate "2024.12.04"]
[SourceQuality "1"]

1. e3 Nf6 2. Nf3 d5 3. d4 Bg4 4. Be2 e6 5. 0-0 Nbd7 6. b3 c5 7. Bb2 Rc8 8. Nbd2 Be7 9. h3 Bf5 10. c4 dxc4 11. Nxc4 0-0 12. Rc1 Ne4 13. d5 b5 14. d6 Bf6 15. Bxf6 Ndxf6 16. Na3 a6 17. Bxb5 axb5 18. Nxb5 Qb6 19. a4 Rfd8 20. g4 Nxg4 21. hxg4 Bxg4 22. d7 Rb8 23. Rc4 Bxf3 24. Qxf3 Nd2 25. Qd1 Nxc4 26. bxc4 Rb7 27. Qa1 Rbxd7 28. a5 Qc6 29. a6 Qf3 30. a7 h5 31. Qe5 Rd1 32. Qb8 Rxf1+ 33. Kxf1 Qh1+ 34. Ke2 Qd1# 0-1

[Event "Titled Tuesday intern op 26th Nov Late"]
[Site "Chess.com INT"]
[Date "2024.11.26"]
[Round "1"]
[White "Capp, Stephen P"]
[Black "Shapiro, Viktor"]
[Result "0-1"]
[WhiteElo "1952"]
[BlackElo "2074"]
[PlyCount "70"]
[EventDate "2024.11.26"]
[EventType "swiss (blitz)"]
[EventRounds "11"]
[EventCountry "USA"]
[SourceTitle "CB49_2024"]
[SourceDate "2024.12.04"]
[SourceVersion "1"]
[SourceVersionDate "2024.12.04"]
[SourceQuality "1"]

1. e4 c5 2. Nc3 Nc6 3. f4 d6 4. Nf3 g6 5. Bc4 Bg7 6. d3 e6 7. 0-0 Nge7 8. Bb3 0-0 9. Ne2 d5 10. e5 b5 11. c3 d4 12. cxd4 cxd4 13. Kh1 h5 14. Bd2 Nf5 15. Qe1 a5 16. a4 b4 17. Qf2 Ba6 18. Rac1 Rc8 19. Bc4 Qb6 20. b3 Ne3 21. Rg1 Bxc4 22. dxc4 Ng4 23. Qg3 Qc5 24. h3 Nh6 25. Rge1 Rfd8 26. Nh4 d3 27. Ng1 Nd4 28. Be3 Ndf5 29. Nxf5 Nxf5 30. Qf2 Nxe3 31. Qxe3 d2 32. Qxc5 Rxc5 33. Red1 dxc1Q 34. Rxd8+ Bf8 35. Kh2 Qxf4+ 0-1

[Event "Titled Tuesday intern op 26th Nov Late"]
[Site "Chess.com INT"]
[Date "2024.11.26"]
[Round "9"]
[White "Glek, Igor Vladimirovich"]
[Black "Shapiro, Viktor"]
[Result "1-0"]
[WhiteElo "2417"]
[BlackElo "2074"]
[PlyCount "101"]
[EventDate "2024.11.26"]
[EventType "swiss (blitz)"]
[EventRounds "11"]
[EventCountry "USA"]
[SourceTitle "CB49_2024"]
[SourceDate "2024.12.04"]
[SourceVersion "1"]
[SourceVersionDate "2024.12.04"]
[SourceQuality "1"]

1. e4 Nf6 2. e5 Nd5 3. d4 d6 4. c4 Nb6 5. exd6 cxd6 6. Nc3 g6 7. Be3 Bg7 8. Rc1 0-0 9. b3 f5 10. d5 e5 11. dxe6 Nc6 12. Nf3 f4 13. Bd2 Bxe6 14. Be2 g5 15. h3 d5 16. cxd5 Nxd5 17. 0-0 h6 18. Bc4 Nc7 19. Ne4 Bxc4 20. Rxc4 Qd5 21. Qc2 Rad8 22. Bc3 Qd3 23. Qxd3 Rxd3 24. Bxg7 Kxg7 25. Nc5 Rxf3 26. gxf3 Ne5 27. Rcc1 Nxf3+ 28. Kg2 Nh4+ 29. Kh1 Rf7 30. Nxb7 Ne6 31. Nd6 Rd7 32. Rfd1 Kg6 33. Nc4 Re7 34. Ne5+ Kh5 35. Rd7 Re8 36. Ng4 Rf8 37. Rc6 Nf5 38. Rxe6 Kh4 39. Rf6 Rxf6 40. Nxf6 Kxh3 41. Rxa7 g4 42. Rh7 g3 43. fxg3 fxg3 44. Kg1 g2 45. Nd5 Kg3 46. a4 Nh4 47. Rg7+ Kf3 48. a5 Ke4 49. Nc3+ Kd3 50. a6 Kxc3 51. a7 1-0

[Event "Titled Tuesday intern op 26th Nov Late"]
[Site "Chess.com INT"]
[Date "2024.11.26"]
[Round "6"]
[White "Shapiro, Viktor"]
[Black "Hamitevici, Vladimir"]
[Result "0-1"]
[WhiteElo "2074"]
[BlackElo "2423"]
[PlyCount "52"]
[EventDate "2024.11.26"]
[EventType "swiss (blitz)"]
[EventRounds "11"]
[EventCountry "USA"]
[SourceTitle "CB49_2024"]
[SourceDate "2024.12.04"]
[SourceVersion "1"]
[SourceVersionDate "2024.12.04"]
[SourceQuality "1"]

1. c4 c5 2. g3 g6 3. Bg2 Bg7 4. Nc3 d6 5. Nf3 Nc6 6. 0-0 e6 7. e3 Nge7 8. d4 cxd4 9. exd4 d5 10. c5 0-0 11. a3 Nf5 12. Bg5 Qd7 13. Ne2 h6 14. Bd2 b6 15. b4 Ba6 16. Be3 bxc5 17. dxc5 Nxe3 18. fxe3 Bxa1 19. Qxa1 Bxe2 20. Rb1 Bxf3 21. Bxf3 Qc7 22. Qa2 Qe5 23. Qd2 a6 24. a4 Rfb8 25. b5 axb5 26. axb5 Ra1 0-1

[Event "Titled Tuesday intern op 26th Nov Late"]
[Site "Chess.com INT"]
[Date "2024.11.26"]
[Round "11"]
[White "Shapiro, Viktor"]
[Black "Yazici, Ugur Doga"]
[Result "0-1"]
[WhiteElo "2074"]
[BlackElo "2161"]
[PlyCount "82"]
[EventDate "2024.11.26"]
[EventType "swiss (blitz)"]
[EventRounds "11"]
[EventCountry "USA"]
[SourceTitle "CB49_2024"]
[SourceDate "2024.12.04"]
[SourceVersion "1"]
[SourceVersionDate "2024.12.04"]
[SourceQuality "1"]

1. c4 Nf6 2. Nc3 c6 3. g3 d5 4. Bg2 g6 5. Nf3 Bg7 6. 0-0 0-0 7. d3 dxc4 8. dxc4 Qxd1 9. Rxd1 Be6 10. b3 Ne4 11. Nxe4 Bxa1 12. Ba3 Bf5 13. Bxe7 Re8 14. Bf6 Bxe4 15. Bxa1 Na6 16. Bf6 Re6 17. Bg5 Bxf3 18. Bxf3 Nc5 19. Be3 Ne4 20. Rd7 b6 21. b4 h5 22. a4 a5 23. b5 c5 24. Kg2 Rae8 25. Rb7 R8e7 26. Rb8+ Kg7 27. Bf4 g5 28. Bxe4 Rxe4 29. Bxg5 R7e6 30. Be3 Rxc4 31. Bf4 Rxa4 32. Kf3 Ra3+ 33. e3 Rb3 34. Bc7 a4 35. Ra8 a3 36. Ra6 c4 37. Bxb6 c3 38. Bd4+ Kg6 39. b6 c2 40. b7 Rxb7 41. Rxe6+ fxe6 0-1